000 00318nam a2200133Ia 4500
003 OSt
008 191201s2012 xx 000 0 und d
100 _aBLAHA, Michael
245 0 _aObject Oriented Modeling and Design with UML
260 _c2012
_bPearson
_aN. Delhi
300 _a477
650 _aMCA
942 _2ddc
_cBB
999 _c7659
_d7659